Pokémon Cosplays - Statistics

General Stats
  • This quiz has been taken 27 times
  • The average score is 23 of 24
Answer Stats
Picture Answer % Correct
Abra & Kadabra
100%
Azumarill
100%
Charizard
100%
Eevee
100%
Gyarados
100%
Jigglypuff
100%
Lucario
100%
Mega Ampharos
100%
Parasect
100%
Pidgey
100%
Pikachu
100%
Psyduck & Golduck
100%
Rattata
100%
Scyther
100%
Zubat
100%
Gardevoir
95%
Slowpoke
95%
Venusaur
95%
Lunala
90%
Shinx
86%
Zoroark
86%
Flareon
81%
Plusle
81%
Shaymin
81%
No matching quizzes found
Score Distribution
Percent of People with Each Score
Percentile by Number Answered
Your Score History
You have not taken this quiz